| 000 | 01626cam a22003614a 4500 | ||
|---|---|---|---|
| 001 | 1841 | ||
| 003 | FISKH | ||
| 005 | 20231004141052.0 | ||
| 008 | 080327s2008 nyua j 000 0 eng | ||
| 010 | _a 2008014256 | ||
| 020 | _a9780764138676 | ||
| 020 | _a0764138677 | ||
| 040 |
_aDLC _cDLC _dDLC _beng |
||
| 050 | 0 | 0 |
_aQA276.8 _b.S259 2008 |
| 082 | 0 | 0 |
_a519.5/44 _222 |
| 100 | 1 | _aSchultz-Ferrell, Karren. | |
| 245 | 1 | 0 |
_aEstimating and measuring / _cKaren Ferrell, Cathy Weiskopf, Linda Powley. |
| 260 |
_aNew York : _bBarron's ; _c2008. |
||
| 300 |
_a219 pages : _billustrations ; _c19 cm. |
||
| 490 | 0 | _aAdventures in mathopolis | |
| 520 | _aLostis Marbles, the mayor of Mathopolis, gets math help from Elexus Estimator -- quick at estimating volume, height, weight, and other quantities -- and Maverick Measurer, who values mathematical accuracy. | ||
| 521 | 8 |
_a1000 _bLexile |
|
| 650 | 0 |
_aEstimation theory _vJuvenile literature. |
|
| 700 | 1 |
_aWeiskopf, Cathy. _eAuthor |
|
| 700 | 1 |
_aPowley, Linda. _eAuthor |
|
| 700 | 1 |
_aKerr, Tom _eIllustrator |
|
| 856 | 4 | 1 |
_3Table of contents only _uhttp://www.loc.gov/catdir/toc/ecip0815/2008014256.html |
| 856 | 4 | 2 |
_3Contributor biographical information _uhttp://www.loc.gov/catdir/enhancements/fy0904/2008014256-b.html |
| 856 | 4 | 2 |
_3Publisher description _uhttp://www.loc.gov/catdir/enhancements/fy0904/2008014256-d.html |
| 906 |
_a7 _bcbc _corignew _d1 _eecip _f20 _gy-gencatlg |
||
| 942 |
_2ddc _cBK _n0 |
||
| 999 |
_c1841 _d1841 |
||